00413 2200169 4500245004800000020002200048250001100070100001700081700001800098650001700116005001900133260003500152041001400187084000800201300002500209336000900234 aDi Bawah Bendera SarungcNailal FahmihText a978-602-7870-47-5 aCet. 1 aNailal Fahmi aDyah Agustine aNovel Remaja a20230410102706 aBandungbPenerbit Pastelc2014 aIndonesia a813 a136 hlm. :c20.5 cm. atext